00409nam a2200133Ia 45000010005000000080041000050820030000461000063000762450062001392600024002015900007002259010028002329990015002603087241024s9999 xx 000 0 und d aRD/374.26/R426c/2013-2014 aRepública Dominicana. Ministerio de Educación (MINERD) 0aCalendario Escolar de la República Dominicana 2013-2014 bSanto Domingoc2013 asi a25/7/2013 12:11:01 p.m. c8486d8486